000 00678nam a2200193 a 4500
005 20140412111307.0
008 010426s19uu xx 00 eng d
020 _a0-394-89173-2
050 _aTR(PS E
_bMo74 1988
100 _aMcKissack, Patricia
245 _aMonkey-monkey's trick /
_cby Patricia McKissack; illustrated by Paul Meisel.
260 _aNew York :
_bRandom House,
_c1988.
300 _a48p. ; ill.
440 _aStep into reading, A step 2 book
520 _aA greedy hyena's mean tricks on Monkey-Monkey eventrually backfire when his victim finds out how he is being decieved.
650 _aMonkeys-Fiction
650 _aHyenas-Fiction
999 _c103766
_d103766